Google Maps Country Pictures #3 - Statistics

General Stats
  • This quiz has been taken 14 times
  • The average score is 10 of 16
Answer Stats
Picture Hint Answer % Correct
North America United States
100%
South America Peru
85%
Asia Japan
69%
Europe Norway
69%
Africa Cameroon
62%
Asia Myanmar
62%
Asia Nepal
62%
Oceania Papua New Guinea
62%
Europe Romania
62%
South America Suriname
62%
Africa Chad
54%
Europe Czech Republic
54%
Asia Singapore
54%
Asia Yemen
46%
Africa Lesotho
38%
Africa Somalia
38%
No matching quizzes found
Score Distribution
Percent of People with Each Score
Percentile by Number Answered
Your Score History
You have not taken this quiz